000 00651nam a2200217Ia 4500
001 15549
003 GE_BSU
008 181216s||||||||xx |||||||||||||| ||und||
040 _cGE_BSU
080 _a821.161.1-32
245 _aლიკა. სოფელი
245 _bმოთხრობები
245 _cმთარგმნ.: გ. ციცქიშვილი, ა. ბრეგაძე.
260 _aთბილისი
260 _bნაკადული
260 _c1961
300 _a274გვ. ; 21სმ
653 _aლიკა. სოფელი
653 _aმოთხრობები
942 _cBK
999 _c48649
_d48649